Microsoft Excel 2000 : βήμα βήμα

Αποθηκεύτηκε σε:
Λεπτομέρειες βιβλιογραφικής εγγραφής
Μορφή: Βιβλίο
Γλώσσα:Greek
English
Δημοσίευση: Αθήνα : Κλειδάριθμος, 2000.
Θέματα:
Ετικέτες: Προσθήκη ετικέτας
Δεν υπάρχουν, Καταχωρήστε ετικέτα πρώτοι!

MARC

LEADER 00000cam a2200000 i 4500
001 1/15451
008 010119s2000 gr | ||| |||| ||gre||
020 |a 9603321532 
035 |l 10065412 
040 |a GR-MyUa  |b gre  |e AACR2 
041 1 |a gre  |h eng 
082 7 |a 005.369   |2 (22) 
245 0 0 |a Microsoft Excel 2000 :   |b βήμα βήμα /   |c μετάφραση Παναγιώτης Δρεπανιώτης. 
260 |a Αθήνα :   |b Κλειδάριθμος,   |c 2000. 
300 |a 567 σ. ;   |c 24 εκ. +   |e 1 computer disk (3 1/2 in.) 
500 |a Τίτλος πρωτοτύπου: Microsoft Excel 2000 step by step. 
500 |a Original english language edition copyright 1999 by Catapult, Inc. 
500 |a Περιλαμβάνει ευρετήριο. 
630 0 0 |a Microsoft Excel (Computer file) 
650 0 |a Business  |x Computer programs. 
650 0 |a Electronic spreadsheets. 
852 |a INST  |b LESVOS  |e 20010119  |h 005.369 MIC  |p 005100029085  |q 005100029085  |t BK  |y 0 
852 |a INST  |b LESVOS  |e 20010119  |h 005.369 MIC   |p 005100029084  |q 005100029084  |t BK  |y 0 
901 |a BIBL1-2001-1 
970 |a ΚΑΜΑΤΣΟΥ  |b ΔΕΣΠΟΙΝΑ  |z 2001/01/19